[Event "MCR junioru 2014"]
[Site "Kouty nad Desnou"]
[Date "2014.03.12"]
[Round "7"]
[White "Marek, Matyas"]
[Black "Kriebel, Tadeas"]
[Result "0-1"]
[WhiteElo "2077"]
[BlackElo "2375"]
[PlyCount "106"]
[EventDate "2014.03.07"]

1. e4 c5 2. Nf3 d6 3. d4 cxd4 4. Nxd4 Nf6 5. Nc3 a6 6. Be3 e5 7. Nb3 Be7 8. f3
Be6 9. Qd2 O-O 10. O-O-O a5 11. Bb5 Nbd7 12. Qe2 Qc7 13. Kb1 Nb6 14. g4 Rfc8
15. Rd3 a4 16. Nd2 Nfd7 17. Bxd7 Nxd7 18. Rc1 Ra5 19. Nd5 Bxd5 20. exd5 a3 21.
bxa3 Nf6 22. c4 Rxd5 23. Rdc3 Ra5 24. Qd3 Qc6 25. g5 Nd7 26. R1c2 Rf8 27. Rb3
Rfa8 28. h4 Qa6 29. Rcc3 Rc8 30. Qe4 Rc7 31. f4 Nc5 32. Bxc5 Raxc5 33. fxe5
Rxe5 34. Qd4 Qc6 35. Nf3 Qe4+ 36. Qxe4 Rxe4 37. a4 g6 38. a5 f5 39. Rb6 Kf7 40.
a4 d5 41. c5 Rxa4 42. Ne5+ Kg7 43. c6 Bd6 44. Nd3 Rxa5 45. Kc2 bxc6 46. Rbxc6
Rxc6 47. Rxc6 Bg3 48. Nc5 Ra7 49. Kd3 Bxh4 50. Kd4 Bf2+ 51. Kxd5 Bxc5 52. Rxc5
h6 53. gxh6+ Kxh6 0-1

[Event "MCR junioru 2014"]
[Site "Kouty nad Desnou"]
[Date "2014.03.12"]
[Round "7"]
[White "Kraus, Tomas"]
[Black "Mikes, Jan"]
[Result "1-0"]
[WhiteElo "2323"]
[BlackElo "2062"]
[PlyCount "49"]
[EventDate "2014.03.07"]

1. c4 Nf6 2. Nc3 d5 3. cxd5 Nxd5 4. Nf3 g6 5. h4 h5 6. Qb3 Nb6 7. Ng5 e6 8. g3
Nc6 9. Bg2 Nd4 10. Qd1 Bg7 11. O-O O-O 12. e3 Nf5 13. b3 Qe7 14. Bb2 Rd8 15.
Qc2 c6 16. d4 Nd5 17. Na4 e5 18. a3 exd4 19. e4 Nc3 20. Bxc3 dxc3 21. exf5 Rd2
22. Qe4 Qxe4 23. Nxe4 Rd4 24. f6 Bf8 25. Naxc3 1-0

[Event "MCR junioru 2014"]
[Site "Kouty nad Desnou"]
[Date "2014.03.12"]
[Round "7"]
[White "Machan, Jan"]
[Black "Kozel, Jiri"]
[Result "1/2-1/2"]
[WhiteElo "2148"]
[BlackElo "2047"]
[PlyCount "85"]
[EventDate "2014.03.07"]

1. Nf3 Nf6 2. c4 e6 3. g3 d5 4. d4 Bd6 5. Nbd2 c6 6. Bg2 Nbd7 7. O-O O-O 8. Qc2
e5 9. cxd5 cxd5 10. dxe5 Nxe5 11. Nxe5 Bxe5 12. Nf3 Bd6 13. Be3 Re8 14. Bd4 Bg4
15. e3 Ne4 16. Rfc1 Qd7 17. Ne1 Bh3 18. Bh1 Qb5 19. Qd3 Qa5 20. a3 Rad8 21. b4
Qa4 22. Qc2 Qa6 23. Qd3 Qa4 24. Qd1 Qa6 25. Nd3 Bf5 26. Nc5 Bxc5 27. Bxc5 b6
28. Bd4 Qb7 29. Bb2 f6 30. Qd4 Rd7 31. Rd1 Red8 32. h4 h6 33. Bf3 Qb8 34. Kg2
Bg6 35. Bg4 Re7 36. Bf3 Rc7 37. Rac1 Qc8 38. Rxc7 Qxc7 39. Rc1 Qb7 40. Qd1 Qe7
41. Qe2 Bf7 42. Qc2 Nd6 43. Qc7 1/2-1/2

[Event "MCR junioru 2014"]
[Site "Kouty nad Desnou"]
[Date "2014.03.12"]
[Round "7"]
[White "Plat, Vojtech"]
[Black "Szotkowski, Jakub"]
[Result "1-0"]
[WhiteElo "2464"]
[BlackElo "2178"]
[PlyCount "71"]
[EventDate "2014.03.07"]

1. b3 e5 2. Bb2 d6 3. e3 Nf6 4. c4 g6 5. Nc3 Bg7 6. d4 e4 7. Qc2 Bf5 8. h3 h5
9. Nge2 Qe7 10. Ng3 c6 11. b4 Nbd7 12. a4 O-O 13. Be2 d5 14. cxd5 Nxd5 15. Nxf5
gxf5 16. Nxd5 cxd5 17. Qb3 Qg5 18. g3 Rac8 19. Qxd5 Rc2 20. Qb3 Rfc8 21. Bd1
R2c4 22. h4 Qe7 23. b5 Nf6 24. O-O Kh7 25. Ba3 Qe6 26. Be2 Rc2 27. Qxe6 fxe6
28. Bd1 R2c3 29. Bb4 Rc1 30. Rxc1 Rxc1 31. Bb3 Rxf1+ 32. Kxf1 Nd5 33. Bc5 b6
34. Bd6 Bf6 35. Bxd5 exd5 36. Bb8 1-0

[Event "MCR junioru 2014"]
[Site "Kouty nad Desnou"]
[Date "2014.03.12"]
[Round "7"]
[White "Blahynka, Martin"]
[Black "Balacek, Tadeas"]
[Result "1/2-1/2"]
[WhiteElo "2191"]
[BlackElo "2234"]
[PlyCount "56"]
[EventDate "2014.03.07"]

1. d4 Nf6 2. c4 c5 3. d5 b5 4. cxb5 a6 5. bxa6 g6 6. Nc3 Bxa6 7. Nf3 d6 8. g3
Bg7 9. Bg2 Nbd7 10. Rb1 O-O 11. O-O Qa5 12. Qc2 Nb6 13. Rd1 Bc4 14. Nd2 Nfd7
15. a3 Qa6 16. Nxc4 Nxc4 17. e4 Qa5 18. Na2 Ncb6 19. Bd2 Qa4 20. Rdc1 Rfb8 21.
Bc3 Qxc2 22. Rxc2 Nc4 23. Rbc1 Bxc3 24. Nxc3 Nxb2 25. Bf1 Na4 26. Nb5 Ra5 27.
Rb1 Ne5 28. Kg2 Kg7 1/2-1/2

[Event "MCR junioru 2014"]
[Site "Kouty nad Desnou"]
[Date "2014.03.13"]
[Round "8"]
[White "Nguyen, Thai Dai Van"]
[Black "Balacek, Tadeas"]
[Result "1/2-1/2"]
[WhiteElo "2206"]
[BlackElo "2234"]
[PlyCount "93"]
[EventDate "2014.03.07"]

1. e4 e6 2. d4 d5 3. Nc3 Nf6 4. e5 Nfd7 5. f4 c5 6. Nce2 Nc6 7. c3 Qb6 8. Nf3
f6 9. g3 cxd4 10. Nexd4 fxe5 11. fxe5 Nc5 12. Bh3 Be7 13. O-O O-O 14. Qe2 Nxd4
15. Nxd4 Rxf1+ 16. Kxf1 Bd7 17. Kg2 a5 18. Be3 a4 19. Rc1 Qc7 20. Bg1 Ra6 21.
Rf1 Ne4 22. Be3 Qxe5 23. Bf4 Qf6 24. Bd6 Rxd6 25. Rxf6 Bxf6 26. Qd3 Rb6 27. b3
axb3 28. axb3 Ra6 29. Qc2 Kf7 30. Bg4 Ke7 31. Bf3 e5 32. Bxe4 exd4 33. Bd3 Rc6
34. c4 dxc4 35. Bxc4 h6 36. Qe4+ Kd8 37. Qf4 Kc8 38. h4 Rc5 39. Qd6 Re5 40.
Qf8+ Kc7 41. Qb4 b6 42. Qd2 Bc6+ 43. Kf2 Rf5+ 44. Ke2 b5 45. Bd3 Re5+ 46. Kd1
Kb7 47. Kc2 1/2-1/2

[Event "MCR junioru 2014"]
[Site "Kouty nad Desnou"]
[Date "2014.03.13"]
[Round "8"]
[White "Szotkowski, Jakub"]
[Black "Blahynka, Martin"]
[Result "1/2-1/2"]
[WhiteElo "2178"]
[BlackElo "2191"]
[PlyCount "78"]
[EventDate "2014.03.07"]

1. Nf3 Nf6 2. c4 b6 3. g3 Bb7 4. Bg2 d5 5. cxd5 Nxd5 6. O-O e6 7. d4 Be7 8. b3
O-O 9. Bb2 Nd7 10. a3 f5 11. Nbd2 N7f6 12. Ne5 c5 13. e3 Rc8 14. Rc1 b5 15. Qe2
cxd4 16. exd4 Qb6 17. b4 a5 18. bxa5 Qxa5 19. Nb3 Qa4 20. Nc5 Bxc5 21. dxc5 Ne4
22. Bxe4 Qxe4 23. Qxe4 fxe4 24. c6 Ba8 25. Rc5 Rc7 26. Bd4 Rfc8 27. Rfc1 b4 28.
a4 b3 29. a5 Nb4 30. Kf1 Nd3 31. Nxd3 exd3 32. Ke1 Rxc6 33. Rxc6 Rxc6 34. Rxc6
Bxc6 35. a6 g5 36. Kd2 Kf7 37. Kxd3 Bb5+ 38. Kc3 Bxa6 39. h4 gxh4 1/2-1/2

[Event "MCR junioru 2014"]
[Site "Kouty nad Desnou"]
[Date "2014.03.13"]
[Round "8"]
[White "Kozel, Jiri"]
[Black "Plat, Vojtech"]
[Result "0-1"]
[WhiteElo "2047"]
[BlackElo "2464"]
[PlyCount "64"]
[EventDate "2014.03.07"]

1. b3 a5 2. Bb2 a4 3. b4 e6 4. a3 Nf6 5. d4 d5 6. e3 b6 7. c4 c5 8. Nc3 cxb4 9.
axb4 Bxb4 10. Rxa4 Ba5 11. f3 Bd7 12. Ra1 dxc4 13. Bxc4 Qc7 14. Qb3 b5 15. Bd3
Nd5 16. Kf2 Nxc3 17. Bxc3 O-O 18. Ne2 Nc6 19. Bxb5 Rfb8 20. Qc4 Bb6 21. Rhc1
Qb7 22. Ba6 Qc7 23. Bb5 Qb7 24. Ba6 Qa7 25. Nf4 e5 26. Bb5 Na5 27. Bxa5 Bxb5
28. Qxb5 Bxd4 29. Bb6 Bxa1 30. Rc8+ Rxc8 31. Bxa7 exf4 32. Qa4 Bf6 0-1

[Event "MCR junioru 2014"]
[Site "Kouty nad Desnou"]
[Date "2014.03.13"]
[Round "8"]
[White "Mikes, Jan"]
[Black "Machan, Jan"]
[Result "1/2-1/2"]
[WhiteElo "2062"]
[BlackElo "2148"]
[PlyCount "103"]
[EventDate "2014.03.07"]

1. d4 Nf6 2. c4 e6 3. Nc3 Bb4 4. f3 d5 5. a3 Be7 6. e4 dxe4 7. fxe4 e5 8. d5
O-O 9. Be2 Nbd7 10. Bf3 a5 11. Be3 Bc5 12. Qd2 Ne8 13. Be2 Nd6 14. Nf3 f5 15.
Bd3 f4 16. Bf2 b6 17. O-O Qe7 18. Na4 Bxf2+ 19. Qxf2 Ba6 20. b3 g5 21. Nd2 g4
22. g3 Qg5 23. Ra2 Rf7 24. b4 h5 25. Be2 fxg3 26. Qxg3 Rxf1+ 27. Bxf1 Rf8 28.
Be2 Nxc4 29. Nf1 Qc1 30. Qc3 Qb1 31. Ra1 Qxe4 32. Ng3 Qd4+ 33. Qxd4 exd4 34.
Nxh5 Nde5 35. bxa5 d3 36. Bd1 Ne3 37. Ng3 bxa5 38. Nc3 Nf3+ 39. Bxf3 gxf3 40.
Nge4 Ng4 41. Nf2 Ne3 42. Re1 Nc2 43. Re6 Ra8 44. Nce4 Nxa3 45. Ng4 Kg7 46. Ne5
Nc4 47. Re7+ Kh6 48. Re6+ Kg7 49. Rg6+ Kf8 50. Rf6+ Kg7 51. Rf7+ Kh6 52. Rf6+
1/2-1/2

[Event "MCR junioru 2014"]
[Site "Kouty nad Desnou"]
[Date "2014.03.13"]
[Round "8"]
[White "Kriebel, Tadeas"]
[Black "Kraus, Tomas"]
[Result "1/2-1/2"]
[WhiteElo "2375"]
[BlackElo "2323"]
[PlyCount "113"]
[EventDate "2014.03.07"]

1. e4 c5 2. Nf3 d6 3. d4 cxd4 4. Nxd4 Nf6 5. Nc3 a6 6. Bc4 e6 7. Bb3 b5 8. O-O
Be7 9. Qf3 Qb6 10. Be3 Qb7 11. Qg3 O-O 12. Bh6 Ne8 13. Rad1 Kh8 14. Bg5 Nf6 15.
Bxf6 gxf6 16. Qe3 Rg8 17. g3 Nc6 18. Nxc6 Qxc6 19. Nd5 Bd8 20. Qh6 f5 21. Nf6
Rg7 22. Rxd6 Qxd6 23. Qxg7+ Kxg7 24. Ne8+ Kf8 25. Nxd6 fxe4 26. Nxe4 Bb7 27.
Nc5 Bc6 28. Rd1 Ke7 29. c3 Bb6 30. Nd3 Bf3 31. Re1 Rd8 32. Ne5 Rd2 33. Nxf3
Bxf2+ 34. Kf1 Bxe1 35. Kxe1 Rxb2 36. Nd2 a5 37. Kd1 a4 38. Kc1 a3 39. Kd1 f5
40. Ke2 e5 41. Kd3 Kf6 42. h3 h5 43. h4 f4 44. Ne4+ Kf5 45. Bd5 Kg4 46. Be6+
Kf3 47. gxf4 exf4 48. Nf6 Rh2 49. Nxh5 Rxh4 50. Nf6 Kf2 51. Ne4+ Ke1 52. Ng5
Kd1 53. c4 bxc4+ 54. Bxc4 Kc1 55. Nf3 Rh8 56. Ke4 Rf8 57. Bd5 1/2-1/2

[Event "MCR junioru 2014"]
[Site "Kouty nad Desnou"]
[Date "2014.03.13"]
[Round "8"]
[White "Rubes, Jan"]
[Black "Marek, Matyas"]
[Result "1-0"]
[WhiteElo "2163"]
[BlackElo "2077"]
[PlyCount "141"]
[EventDate "2014.03.07"]

1. e4 c5 2. Nf3 d6 3. d4 cxd4 4. Nxd4 Nf6 5. Nc3 a6 6. f4 e5 7. Nf3 Nbd7 8. Bd3
Be7 9. O-O O-O 10. Kh1 b5 11. a3 Bb7 12. Qe1 Qc7 13. fxe5 dxe5 14. Bg5 Rfe8 15.
Nh4 g6 16. Qg3 Nh5 17. Qg4 Bxg5 18. Qxg5 Qd8 19. Qg4 Nhf6 20. Qf3 Qe7 21. Rf2
Rf8 22. Raf1 Ne8 23. Qg3 Ng7 24. Nd1 Nh5 25. Qg4 Ndf6 26. Qf3 Ne8 27. Nf5 gxf5
28. Qxh5 Ng7 29. Qe2 f4 30. Nc3 Ne6 31. Nd5 Qh4 32. c3 Kh8 33. Ra1 Rae8 34. a4
bxa4 35. Bc2 Ng5 36. Bxa4 Re6 37. Bd7 Rh6 38. h3 f3 39. gxf3 Nxh3 40. Bxh3 Bc8
41. Rh2 Bxh3 42. Rg1 Rg8 43. Rxg8+ Kxg8 44. Qf2 Qxf2 45. Rxf2 Bf1+ 46. Kg1 Bc4
47. Rg2+ Kf8 48. Ne3 Bb3 49. Rd2 Ke8 50. Nf5 Rc6 51. Rh2 Be6 52. Ng7+ Kf8 53.
Nxe6+ Rxe6 54. Rxh7 Rd6 55. Rh2 Ke7 56. Kf2 Rd2+ 57. Kg3 Rd1 58. Rh6 f6 59.
Rh7+ Ke6 60. Ra7 Rd6 61. Rb7 f5 62. Rh7 Rd2 63. Rh6+ Kd7 64. exf5 Rxb2 65. Rxa6
Rb3 66. Re6 Rxc3 67. Rxe5 Rc4 68. Re4 Rc1 69. Kf4 Rc6 70. Kg5 Rc1 71. f6 1-0

[Event "MCR junioru 2014"]
[Site "Kouty nad Desnou"]
[Date "2014.03.13"]
[Round "9"]
[White "Marek, Matyas"]
[Black "Nguyen, Thai Dai Van"]
[Result "1-0"]
[WhiteElo "2077"]
[BlackElo "2206"]
[PlyCount "59"]
[EventDate "2014.03.07"]

1. e4 c5 2. Nf3 d6 3. d4 cxd4 4. Nxd4 Nf6 5. Nc3 a6 6. Be3 e5 7. Nb3 Be7 8. f3
Be6 9. Qd2 O-O 10. O-O-O a5 11. Bb5 Na6 12. Qe2 Qb8 13. g4 Rc8 14. g5 Nh5 15.
Kb1 a4 16. Nxa4 Nb4 17. Nc3 Rxc3 18. bxc3 Nxa2 19. Kb2 Qc7 20. c4 d5 21. exd5
Bb4 22. dxe6 Nc3 23. Ra1 Rc8 24. Qd3 Nxb5 25. exf7+ Kf8 26. cxb5 Bc3+ 27. Kb1
Bxa1 28. Bc5+ Kxf7 29. Qd5+ Kg6 30. Qe6+ 1-0

[Event "MCR junioru 2014"]
[Site "Kouty nad Desnou"]
[Date "2014.03.13"]
[Round "9"]
[White "Kraus, Tomas"]
[Black "Rubes, Jan"]
[Result "1-0"]
[WhiteElo "2323"]
[BlackElo "2163"]
[PlyCount "91"]
[EventDate "2014.03.07"]

1. c4 Nf6 2. Nc3 g6 3. d4 Bg7 4. g3 O-O 5. Bg2 d6 6. e3 e5 7. Nge2 c6 8. O-O
Qc7 9. b3 Rd8 10. Bb2 Nbd7 11. Qc2 Nf8 12. Rad1 Bf5 13. e4 Bd7 14. f4 Ne6 15.
h3 Nxd4 16. Nxd4 exd4 17. Rxd4 Ng4 18. Qd2 Nf6 19. Rd1 Ne8 20. e5 Qc8 21. Kh2
Be6 22. exd6 Bxd4 23. Qxd4 c5 24. Qe3 f6 25. Ne4 Bf7 26. Nxf6+ Nxf6 27. Bxf6
Re8 28. Qc3 Qd7 29. Qd2 h6 30. Ba1 Kh7 31. Qb2 Rg8 32. Qa3 Qf5 33. Rd2 g5 34.
Be5 gxf4 35. Bxf4 Be6 36. Re2 Rg6 37. Re5 Qc2 38. Qxc5 Rag8 39. Qxa7 R8g7 40.
Qe3 Bd7 41. Qe2 Qxe2 42. Rxe2 Bc6 43. b4 Rf7 44. Be4 Bxe4 45. Rxe4 Rg8 46. a4
1-0

[Event "MCR junioru 2014"]
[Site "Kouty nad Desnou"]
[Date "2014.03.13"]
[Round "9"]
[White "Machan, Jan"]
[Black "Kriebel, Tadeas"]
[Result "1/2-1/2"]
[WhiteElo "2148"]
[BlackElo "2375"]
[PlyCount "43"]
[EventDate "2014.03.07"]

1. d4 Nf6 2. Nf3 g6 3. c4 Bg7 4. Nc3 d5 5. Bg5 dxc4 6. Qa4+ Nfd7 7. Qxc4 Nb6 8.
Qd3 O-O 9. e3 h6 10. Bh4 Be6 11. Be2 Na6 12. O-O c5 13. Rfd1 Bc4 14. Qd2 Bxe2
15. Qxe2 Qe8 16. Bg3 Rc8 17. Be5 c4 18. Bxg7 Kxg7 19. e4 Na4 20. Qc2 Nxc3 21.
bxc3 Qd7 22. a4 1/2-1/2

[Event "MCR junioru 2014"]
[Site "Kouty nad Desnou"]
[Date "2014.03.13"]
[Round "9"]
[White "Plat, Vojtech"]
[Black "Mikes, Jan"]
[Result "1-0"]
[WhiteElo "2464"]
[BlackElo "2062"]
[PlyCount "61"]
[EventDate "2014.03.07"]

1. e4 c5 2. Nf3 d6 3. d4 cxd4 4. Qxd4 Nc6 5. Bb5 Bd7 6. Bxc6 Bxc6 7. Nc3 Nf6 8.
Bg5 Qa5 9. O-O h6 10. Bxf6 gxf6 11. Nd5 Rg8 12. c4 Bd7 13. Rfe1 Be6 14. Qd3 Qd8
15. Nd4 Qd7 16. Rac1 Rc8 17. b4 h5 18. Nf5 b6 19. Rcd1 Bxd5 20. cxd5 Rd8 21.
Qf3 e6 22. Nd4 Bg7 23. Qxh5 Kf8 24. Qh3 Re8 25. a4 Rh8 26. Qg4 a6 27. b5 a5 28.
Qg3 exd5 29. Nf5 Rh7 30. Qxd6+ Qxd6 31. Nxd6 1-0

[Event "MCR junioru 2014"]
[Site "Kouty nad Desnou"]
[Date "2014.03.13"]
[Round "9"]
[White "Blahynka, Martin"]
[Black "Kozel, Jiri"]
[Result "1-0"]
[WhiteElo "2191"]
[BlackElo "2047"]
[PlyCount "67"]
[EventDate "2014.03.07"]

1. d4 Nf6 2. c4 e6 3. Nc3 Bb4 4. Qc2 d5 5. a3 Be7 6. Nf3 O-O 7. e3 c5 8. dxc5
dxc4 9. Bxc4 Bxc5 10. O-O a6 11. b4 Be7 12. Bd3 b6 13. e4 h6 14. e5 Nfd7 15.
Bh7+ Kh8 16. Be4 Ra7 17. Bf4 Bb7 18. Rac1 g5 19. Be3 Qc7 20. Qd1 Nc6 21. Nxg5
Kg7 22. Nxe6+ fxe6 23. Qh5 Rh8 24. Qg6+ Kf8 25. Bxh6+ Rxh6 26. Qxh6+ Ke8 27.
Qxe6 Qxe5 28. Qg8+ Nf8 29. Rfe1 Qh5 30. Nd5 Ne5 31. Nc7+ Kd7 32. Red1+ Bd6 33.
Rxd6+ Kxd6 34. Qxf8+ 1-0

[Event "MCR junioru 2014"]
[Site "Kouty nad Desnou"]
[Date "2014.03.13"]
[Round "9"]
[White "Balacek, Tadeas"]
[Black "Szotkowski, Jakub"]
[Result "1-0"]
[WhiteElo "2234"]
[BlackElo "2178"]
[PlyCount "77"]
[EventDate "2014.03.07"]

1. d4 Nf6 2. c4 c5 3. d5 b5 4. cxb5 a6 5. bxa6 g6 6. Nc3 Bxa6 7. Nf3 Bg7 8. e4
Bxf1 9. Kxf1 d6 10. g3 O-O 11. Kg2 Nbd7 12. a4 Qa5 13. Bd2 Rfb8 14. Nb5 Qd8 15.
Qc2 Nb6 16. b3 Qd7 17. Na3 Ne8 18. Bc3 Bxc3 19. Qxc3 f5 20. a5 fxe4 21. axb6
exf3+ 22. Qxf3 Rxb6 23. Nc4 Rxa1 24. Nxb6 Qa7 25. Nd7 Qxd7 26. Rxa1 Nf6 27. h3
Qb7 28. Rd1 Kf7 29. g4 h6 30. Rd3 Kg7 31. Kh2 Nd7 32. Qe4 e5 33. Qa4 Nb6 34.
Qc6 Qf7 35. Kg1 e4 36. Rd2 Qf4 37. Ra2 e3 38. Qc7+ Kf6 39. Qxb6 1-0

[Event "MCR junioru 2014"]
[Site "Kouty nad Desnou"]
[Date "2014.03.14"]
[Round "10"]
[White "Nguyen, Thai Dai Van"]
[Black "Szotkowski, Jakub"]
[Result "0-1"]
[WhiteElo "2206"]
[BlackElo "2178"]
[PlyCount "68"]
[EventDate "2014.03.07"]

1. e4 Nf6 2. e5 Nd5 3. d4 d6 4. c4 Nb6 5. exd6 cxd6 6. d5 g6 7. Qd4 f6 8. Nf3
e5 9. dxe6 Nc6 10. Qe4 Qe7 11. Be3 Bxe6 12. Bxb6 axb6 13. Nc3 f5 14. Qe3 Bg7
15. Bd3 f4 16. Qe2 O-O 17. O-O Rae8 18. Rfe1 Qd8 19. Qd2 g5 20. Be4 g4 21. Bxc6
bxc6 22. Nd4 Bd7 23. Nb3 Rxe1+ 24. Rxe1 Be5 25. Ne4 Bf5 26. Nd4 Bd7 27. b4 Qh4
28. Kh1 c5 29. bxc5 bxc5 30. Nb3 Bc6 31. f3 Rf5 32. fxg4 f3 33. g3 Bxg3 34.
gxf5 f2 0-1

[Event "MCR junioru 2014"]
[Site "Kouty nad Desnou"]
[Date "2014.03.14"]
[Round "10"]
[White "Mikes, Jan"]
[Black "Blahynka, Martin"]
[Result "0-1"]
[WhiteElo "2062"]
[BlackElo "2191"]
[PlyCount "78"]
[EventDate "2014.03.07"]

1. g3 Nf6 2. Bg2 e5 3. c3 d5 4. d3 c5 5. Nf3 Nc6 6. O-O Be7 7. Nbd2 O-O 8. Ne1
Bg4 9. h3 Be6 10. e4 dxe4 11. dxe4 Bc4 12. Nc2 Bxf1 13. Qxf1 Re8 14. f4 Qd7 15.
Ne3 Bf8 16. f5 Rad8 17. g4 Ne7 18. Qf3 h6 19. h4 Nh7 20. Qg3 g5 21. Nf3 Bg7 22.
a4 Qc6 23. hxg5 Nxg5 24. Nxg5 hxg5 25. Nd5 Bf6 26. Be3 Nxd5 27. exd5 Qd6 28.
Be4 Kg7 29. Qf2 Be7 30. Rf1 f6 31. Rb1 a5 32. Kg2 Rh8 33. Rh1 Rxh1 34. Kxh1 Qa6
35. Kg2 Rh8 36. Kg3 Qc4 37. Qc2 Bd6 38. Qg2 Qxa4 39. Qf3 Qc4 0-1

[Event "MCR junioru 2014"]
[Site "Kouty nad Desnou"]
[Date "2014.03.14"]
[Round "10"]
[White "Kriebel, Tadeas"]
[Black "Plat, Vojtech"]
[Result "1/2-1/2"]
[WhiteElo "2375"]
[BlackElo "2464"]
[PlyCount "187"]
[EventDate "2014.03.07"]

1. e4 d6 2. d4 Nf6 3. Nc3 e5 4. Nf3 Nbd7 5. g4 Nxg4 6. Rg1 exd4 7. Nxd4 Ngf6 8.
Be3 Ne5 9. h3 c6 10. f4 Ng6 11. Qd2 Bd7 12. O-O-O Qc7 13. Bc4 b5 14. e5 bxc4
15. exf6 gxf6 16. Ne4 Be7 17. Ng3 O-O-O 18. Ndf5 Be6 19. h4 h5 20. Bd4 c5 21.
Bc3 Bxf5 22. Nxf5 d5 23. Ba5 c3 24. Nxe7+ Qxe7 25. Qxc3 Rd7 26. Kb1 Qd6 27.
Rge1 Kb8 28. Rd2 Rc8 29. Rde2 Ne7 30. Qf3 Nc6 31. Bc3 d4 32. Bd2 Qd5 33. Qxd5
Rxd5 34. Rg2 c4 35. Rg7 Rf8 36. c3 Kc8 37. Re4 Kd7 38. b3 cxb3 39. axb3 f5 40.
Re1 dxc3 41. Bxc3 Rd3 42. Kc2 Rf3 43. Rd1+ Ke6 44. Rg5 Rxf4 45. Rxh5 Rf2+ 46.
Rd2 Rxd2+ 47. Kxd2 f6 48. Rh7 Rd8+ 49. Ke2 Ne7 50. Bb4 Nd5 51. Ba5 Rb8 52. b4
Nxb4 53. Bxb4 Rxb4 54. Rxa7 Rxh4 55. Kf3 Rd4 56. Ke3 Rd7 57. Ra5 Rd6 58. Rb5
Rd5 59. Rb7 Ra5 60. Kf3 Ra4 61. Rb5 Rg4 62. Ra5 Rg5 63. Kf4 Rg4+ 64. Kf3 Rg1
65. Rb5 Rd1 66. Ra5 Rd4 67. Ke3 Rh4 68. Kf3 Rh5 69. Kf4 Rh1 70. Ra6+ Kf7 71.
Kxf5 Rf1+ 72. Kg4 Kg6 73. Kg3 Kg5 74. Kg2 Rf4 75. Ra3 f5 76. Rb3 Ra4 77. Kf3
Rh4 78. Kf2 Rh2+ 79. Kg1 Re2 80. Kf1 Re4 81. Kf2 Ra4 82. Rc3 Kf4 83. Rb3 Ra2+
84. Kf1 Kg4 85. Rc3 Rh2 86. Ra3 f4 87. Rb3 Rd2 88. Ra3 Rd4 89. Kf2 Rb4 90. Rc3
f3 91. Rc8 Rb5 92. Rg8+ Rg5 93. Rxg5+ Kxg5 94. Kxf3 1/2-1/2

[Event "MCR junioru 2014"]
[Site "Kouty nad Desnou"]
[Date "2014.03.14"]
[Round "10"]
[White "Rubes, Jan"]
[Black "Machan, Jan"]
[Result "0-1"]
[WhiteElo "2163"]
[BlackElo "2148"]
[PlyCount "54"]
[EventDate "2014.03.07"]

1. g3 Nf6 2. Bg2 d5 3. c3 e5 4. d4 exd4 5. Qxd4 Be7 6. Bg5 c6 7. Nd2 O-O 8.
Ngf3 h6 9. Bf4 Bf5 10. O-O Nbd7 11. Ne5 g5 12. Nxd7 Nxd7 13. Be3 Bc5 14. Qa4
Bxe3 15. fxe3 Bg6 16. e4 Qe7 17. Rad1 Nb6 18. Qd4 Rad8 19. exd5 Nxd5 20. e4 Nf4
21. Qxa7 Nxg2 22. Kxg2 Bh5 23. g4 Bxg4 24. Nf3 Qxe4 25. Qf2 f5 26. Rde1 Bxf3+
27. Kg1 Qg4+ 0-1

[Event "MCR junioru 2014"]
[Site "Kouty nad Desnou"]
[Date "2014.03.14"]
[Round "10"]
[White "Marek, Matyas"]
[Black "Kraus, Tomas"]
[Result "1/2-1/2"]
[WhiteElo "2077"]
[BlackElo "2323"]
[PlyCount "75"]
[EventDate "2014.03.07"]

1. e4 c5 2. Nf3 Nc6 3. d4 cxd4 4. Nxd4 Qb6 5. Nb3 Nf6 6. Nc3 e6 7. Qe2 d6 8. g4
a6 9. Bg2 Qc7 10. g5 Nd7 11. Be3 b5 12. O-O-O b4 13. Nd5 exd5 14. exd5 Ne7 15.
Rd4 a5 16. Re4 Ba6 17. Qd2 f5 18. gxf6 Nxf6 19. Re6 O-O-O 20. Qd4 Bc4 21. Nxa5
Bxd5 22. Bh3 Qxa5 23. Rxe7+ Kb8 24. Ra7 Qc5 25. Qd1 Qc4 26. Re1 g6 27. Kb1 Bh6
28. b3 Qc3 29. Bd4 Qxh3 30. Qe2 Rd7 31. Qa6 Bb7 32. Qb6 Kc8 33. Rxb7 Rxb7 34.
Qc6+ Rc7 35. Qa8+ Kd7 36. Qa4+ Kc8 37. Qa8+ Kd7 38. Qa4+ 1/2-1/2

[Event "MCR junioru 2014"]
[Site "Kouty nad Desnou"]
[Date "2014.03.15"]
[Round "11"]
[White "Kraus, Tomas"]
[Black "Nguyen, Thai Dai Van"]
[Result "1/2-1/2"]
[WhiteElo "2323"]
[BlackElo "2206"]
[PlyCount "57"]
[EventDate "2014.03.07"]

1. c4 e5 2. Nc3 Nf6 3. Nf3 Nc6 4. e3 Be7 5. a3 d5 6. cxd5 Nxd5 7. Bb5 Nxc3 8.
bxc3 Bd6 9. Qc2 O-O 10. d4 Bd7 11. Rb1 Rb8 12. O-O Qe7 13. e4 a6 14. Bd3 Bg4
15. Nxe5 Bxe5 16. dxe5 Nxe5 17. Re1 Nxd3 18. Qxd3 Rfd8 19. Qg3 Bh5 20. Bf4 Rd7
21. Be5 f6 22. Bd4 Bg6 23. h4 b5 24. Qg4 Re8 25. h5 Bxe4 26. h6 Qe6 27. Qf4 g5
28. Qg3 Qd6 29. Qg4 1/2-1/2

[Event "MCR junioru 2014"]
[Site "Kouty nad Desnou"]
[Date "2014.03.15"]
[Round "11"]
[White "Machan, Jan"]
[Black "Marek, Matyas"]
[Result "1/2-1/2"]
[WhiteElo "2148"]
[BlackElo "2077"]
[PlyCount "20"]
[EventDate "2014.03.07"]

1. Nf3 Nf6 2. g3 g6 3. Bg2 Bg7 4. d4 d6 5. c4 O-O 6. Nc3 Nbd7 7. O-O e5 8. dxe5
dxe5 9. Qc2 Re8 10. Rd1 c6 1/2-1/2

[Event "MCR junioru 2014"]
[Site "Kouty nad Desnou"]
[Date "2014.03.15"]
[Round "11"]
[White "Plat, Vojtech"]
[Black "Rubes, Jan"]
[Result "1-0"]
[WhiteElo "2464"]
[BlackElo "2163"]
[PlyCount "87"]
[EventDate "2014.03.07"]

1. d4 Nf6 2. Nf3 g6 3. c4 Bg7 4. g3 O-O 5. Bg2 c5 6. O-O d6 7. Nc3 Nc6 8. d5
Na5 9. Qd3 a6 10. e4 b5 11. cxb5 axb5 12. Nxb5 Ba6 13. a4 Nd7 14. Ra2 Nb6 15.
b3 Qd7 16. Bb2 Bxb2 17. Rxb2 Rfb8 18. e5 c4 19. bxc4 Nxa4 20. Rb4 Nc5 21. Qb1
Nxc4 22. e6 fxe6 23. dxe6 Nxe6 24. Nc3 Rxb4 25. Qxb4 Qb7 26. Qa4 Nc5 27. Qa1
Qb2 28. Ng5 Rf8 29. Nd5 e5 30. Nc7 Qxa1 31. Rxa1 Bb7 32. Nge6 Nxe6 33. Nxe6
Bxg2 34. Nxf8 Bh3 35. Ra8 Kg7 36. Nd7 Bxd7 37. Ra7 Nb6 38. Rb7 Kf6 39. Rxb6 Ke6
40. f3 Kd5 41. Kf2 Kc5 42. Rb7 Kc6 43. Rb8 Bf5 44. g4 1-0

[Event "MCR junioru 2014"]
[Site "Kouty nad Desnou"]
[Date "2014.03.15"]
[Round "11"]
[White "Blahynka, Martin"]
[Black "Kriebel, Tadeas"]
[Result "1/2-1/2"]
[WhiteElo "2191"]
[BlackElo "2375"]
[PlyCount "127"]
[EventDate "2014.03.07"]

1. e4 e5 2. Nf3 Nc6 3. Bb5 a6 4. Ba4 Nf6 5. d3 d6 6. c4 Be7 7. h3 O-O 8. Nc3
Nb8 9. O-O c5 10. a3 Nc6 11. Bxc6 bxc6 12. b4 cxb4 13. axb4 Bb7 14. Qb3 Rb8 15.
Bb2 Nd7 16. Na4 c5 17. b5 axb5 18. cxb5 Bc6 19. Nc3 Qb6 20. Qc2 Bxb5 21. Nd5
Qd8 22. Bc3 Bc6 23. Ba5 Qe8 24. Ne3 g6 25. Nc4 Rc8 26. Bd2 f6 27. Ra7 Qf7 28.
Na5 Bd8 29. Nxc6 Rxc6 30. Qa4 Rc7 31. Ra6 Nb8 32. Rxd6 Ra7 33. Qb5 Be7 34. Rb6
Nd7 35. Rb7 Rxb7 36. Qxb7 Qe6 37. Ra1 Rb8 38. Ra8 Rxa8 39. Qxa8+ Bf8 40. Qb7
Kf7 41. Be3 Be7 42. Qb5 Qd6 43. Nd2 Nf8 44. Nc4 Qd7 45. Qa6 Ne6 46. Nb6 Qc6 47.
Qa7 Qc7 48. Qxc7 Nxc7 49. Kf1 Ke6 50. Ke2 h5 51. Kd2 Bf8 52. Kc3 Kd6 53. Kc4
Kc6 54. Na4 Nb5 55. g4 hxg4 56. hxg4 Nd6+ 57. Kc3 c4 58. Nb6 cxd3 59. Kxd3 f5
60. f3 fxe4+ 61. fxe4 Bh6 62. Bf2 Bg5 63. Na4 Nf7 64. Ke2 1/2-1/2

[Event "MCR junioru 2014"]
[Site "Kouty nad Desnou"]
[Date "2014.03.15"]
[Round "11"]
[White "Balacek, Tadeas"]
[Black "Mikes, Jan"]
[Result "0-1"]
[WhiteElo "2234"]
[BlackElo "2062"]
[PlyCount "68"]
[EventDate "2014.03.07"]

1. Nf3 Nf6 2. c4 e6 3. g3 d5 4. b3 c5 5. Bg2 Nc6 6. O-O Be7 7. e3 O-O 8. Bb2
Qc7 9. cxd5 Nxd5 10. Qe2 Rd8 11. Nc3 Nxc3 12. Bxc3 e5 13. d3 Be6 14. Rac1 a5
15. Rfd1 a4 16. Qb2 axb3 17. axb3 Bf6 18. h4 h6 19. Kh2 Rd7 20. Nd2 Rad8 21.
Ne4 Be7 22. Be1 Qb6 23. Qc3 Rd5 24. f3 Nb4 25. Ra1 Nxd3 26. Bf1 Nxe1 27. Rxe1
f5 28. Nf2 Bf6 29. Bc4 Rd2 30. Kg1 e4 31. Qa5 Qd6 32. Bxe6+ Qxe6 33. Rac1 b6
34. Qb5 exf3 0-1